000 01341nam0a22002651 4500
001 rc\2834436
005 20220714112957.0
035 _a(NLR Aleph) 006992261
090 _a5637991
_c5637991
100 _a20110627d1930 |||y0rusy50 ca
101 0 _arus
102 _aRU
105 _ay b |||||
200 1 _aКаталог 4-й Иркутской выставки военных, служебно-розыскных, охотничьих и других пород собак
_fОкрсовет Осоавиахима и Секция кровного собаководства при Иркутском товариществе охотников
210 _a[Иркутск]
_cИркут. окр. совет Осоавиахима и Секция кровного собаководства при Иркут. товариществе охотников
_d1930
215 _a14 с.
_d23 см
300 _aВ конце текста: редактировал Павлов С.Д.
702 1 _aПавлов
_bС. Д.
_4340
710 1 2 _aИркутская выставка военных, служебно-розыскных, охотничьих и других пород собак
_d4
_f1930
801 0 _aRU
_bNLR
_gpsbo
801 1 _aRU
_bELAR
_2rusmarc
852 _aNLR
_j30-19/249
942 _cBOOK
980 _aNB